<?xml version="1.0" encoding="UTF-8"?>
<marc:record xmlns:marc="http://www.loc.gov/MARC21/slim">
   <marc:leader>00000nam a2200000 a 4500</marc:leader>
   <marc:datafield ind1="1" ind2=" " tag="100">
      <marc:subfield code="a">Schmidt-Salomon, Michael</marc:subfield>
      <marc:subfield code="4">aut</marc:subfield>
      <marc:subfield code="e">Verfasser/-in</marc:subfield>
   </marc:datafield>
   <marc:datafield ind1="1" ind2=" " tag="100">
      <marc:subfield code="a">Salomon, Lea</marc:subfield>
      <marc:subfield code="4">aut</marc:subfield>
      <marc:subfield code="e">Verfasser/-in</marc:subfield>
   </marc:datafield>
   <marc:datafield ind1=" " ind2=" " tag="653">
      <marc:subfield code="a">Philosophie</marc:subfield>
   </marc:datafield>
   <marc:datafield ind1=" " ind2=" " tag="653">
      <marc:subfield code="a">Lebensführung</marc:subfield>
   </marc:datafield>
   <marc:datafield ind1=" " ind2=" " tag="653">
      <marc:subfield code="a">Einführung</marc:subfield>
   </marc:datafield>
   <marc:datafield ind1="0" ind2="0" tag="245">
      <marc:subfield code="a">Leibniz war kein Butterkeks</marc:subfield>
   </marc:datafield>
   <marc:datafield ind1="0" ind2="0" tag="245">
      <marc:subfield code="b">den großen und kleinen Fragen der Philosophie auf der Spur</marc:subfield>
   </marc:datafield>
   <marc:datafield ind1="0" ind2="0" tag="245">
      <marc:subfield code="c">Michael Schmidt-Salomon ; Lea Salomon</marc:subfield>
   </marc:datafield>
   <marc:datafield ind1=" " ind2="1" tag="264">
      <marc:subfield code="a">München</marc:subfield>
      <marc:subfield code="b">Pendo</marc:subfield>
      <marc:subfield code="c">2011</marc:subfield>
   </marc:datafield>
   <marc:datafield ind1="1" ind2=" " tag="520">
      <marc:subfield code="a">Angaben aus der Verlagsmeldung

Leibniz war kein Butterkeks : Den großen und kleinen Fragen der Philosophie auf der Spur / von Michael Schmidt-Salomon, Lea Salomon

Philosophie muss weder langweilig noch kompliziert sein – ganz im Gegenteil: Philosophische Fragen haben viel mit unserem Alltag zu tun. Dass dies so ist, beweisen der Autor und Philosoph Michael Schmidt-Salomon und seine 20-jährige Tochter Lea in ihrem gemeinsamen Buch. Angefangen bei der Frage nach dem Sinn des Lebens oder der Existenz eines Gottes erschließen sie im Dialog die philosophische Gedankenwelt auf höchst unterhaltsame und unkonventionelle Weise. Dabei werden abstrakte Begriffe wie Vernunft und Weisheit, Gerechtigkeit und Toleranz ebenso anschaulich erläutert wie die Frage nach dem Traum von einer besseren Welt. Ein unterhaltsames und lehrreiches Buch, das Lust aufs Philosophieren macht – für alle, die es wissen wollen und nicht die Neugier verloren haben, danach zu fragen.
</marc:subfield>
   </marc:datafield>
   <marc:datafield ind1=" " ind2=" " tag="020">
      <marc:subfield code="a">9783866122802</marc:subfield>
      <marc:subfield code="9">9783866122802</marc:subfield>
   </marc:datafield>
   <marc:datafield ind1=" " ind2=" " tag="041">
      <marc:subfield code="a">ger</marc:subfield>
   </marc:datafield>
   <marc:datafield ind1=" " ind2=" " tag="300">
      <marc:subfield code="a">286 S.</marc:subfield>
   </marc:datafield>
</marc:record>
